Central Library OPAC University of Rajshahi

A grammar of politics / (Record no. 2550)

MARC details
000 -LEADER
fixed length control field 00639nam a22002297a 4500
001 - CONTROL NUMBER
control field 2550
003 - CONTROL NUMBER IDENTIFIER
rucl marc code BD-RjUL
005 - DATE AND TIME OF LATEST TRANSACTION
control field 20250826115845.0
008 - FIXED-LENGTH DATA ELEMENTS--GENERAL INFORMATION
fixed length control field 131212r19631938-uk 001 0 eng d
035 ## - SYSTEM CONTROL NUMBER
System control number (BD-RjUL)2577
040 ## - CATALOGING SOURCE
Original cataloging agency BD-RjUL
Language of cataloging eng
Transcribing agency BD-RjUL
041 ## - LANGUAGE CODE
Language code of text/sound track or separate title eng
082 ## - DEWEY DECIMAL CLASSIFICATION NUMBER
Edition number 20
Classification number 320.1
Author mark and year LAG 1963
100 1# - MAIN ENTRY--PERSONAL NAME
Personal name Laski, Harold J.
9 (RLIN) 8238
245 02 - TITLE STATEMENT
Title A grammar of politics /
Statement of responsibility, etc. Harold J. Laski
250 ## - EDITION STATEMENT
Edition statement 4th ed.
260 ## - PUBLICATION, DISTRIBUTION, ETC. (IMPRINT)
Place of publication, distribution, etc. London :
Name of publisher, distributor, etc. George Allen & Unwin Ltd.,
Date of publication, distribution, etc. c1938 [Reprinted 1951,1960,1963].
300 ## - PHYSICAL DESCRIPTION
Pagination xxvii, 672 p. ;
Size 21 cm.
504 ## - BIBLIOGRAPHY, ETC. NOTE
Bibliography, etc Includes index.
650 #7 - SUBJECT ADDED ENTRY--TOPICAL TERM
Topical term or geographic name as entry element Political Sciene
9 (RLIN) 8239
942 ## - ADDED ENTRY ELEMENTS (KOHA)
Source of classification or shelving scheme Dewey Decimal Classification
Koha item type Books
Holdings
Lost status Source of classification or shelving scheme Damaged status Not for loan Collection code Permanent Location Current Location Shelving location Date acquired Source of acquisition Cost, normal purchase price Total Checkouts Full call number Date last seen Copy number Koha item type
  Dewey Decimal Classification   Not For Loan Non-fiction Central Library, University of Rajshahi Central Library, University of Rajshahi Reading Room 22/02/1964 Zeitlinger 30.00   320.1 LAG 1960 23/02/2014 C-1 Books
  Dewey Decimal Classification     Non-fiction Central Library, University of Rajshahi Central Library, University of Rajshahi   18/05/1967 University Book Agency 26.25   320.1 LAG 1963 08/07/2014 C-2 Books
  Dewey Decimal Classification     Non-fiction Central Library, University of Rajshahi Central Library, University of Rajshahi   15/12/1965 Zeitlinger     320.1 LAG 1963 08/07/2014 C-3 Books
  Dewey Decimal Classification     Non-fiction Central Library, University of Rajshahi Central Library, University of Rajshahi   22/02/1964 Zeitlinger 35.00   320.1 LAG 1960 10/03/2021 C-4 Books
  Dewey Decimal Classification     Non-fiction Central Library, University of Rajshahi Central Library, University of Rajshahi   22/02/1964 Zeitlinger 35.00   320.1 LAG 1963 10/03/2021 C-5 Books
  Dewey Decimal Classification     Non-fiction Central Library, University of Rajshahi Central Library, University of Rajshahi   31/10/1967 Zeitlinger 35.00   320.1 LAG 1963 10/03/2021 C-6 Books
  Dewey Decimal Classification     Non-fiction Central Library, University of Rajshahi Central Library, University of Rajshahi   31/10/1967 Zeitlinger 35.00   320.1 LAG 1963 10/03/2021 C-7 Books
  Dewey Decimal Classification     Non-fiction Central Library, University of Rajshahi Central Library, University of Rajshahi   16/06/1964 Euro-Pak. 28.44   320.1 LAG 1963 10/03/2021 C-8 Books
  Dewey Decimal Classification     Non-fiction Central Library, University of Rajshahi Central Library, University of Rajshahi   16/06/1964 Euro Pak. News Agency 28.00   320.1 LAG 1963 23/08/2021 C-9 Books
  Dewey Decimal Classification     Non-fiction Central Library, University of Rajshahi Central Library, University of Rajshahi   05/11/1964 Euro Pak. News Agency 30.00   320.1 LAG 1960 23/08/2021 C-10 Books
  Dewey Decimal Classification     Non-fiction Central Library, University of Rajshahi Central Library, University of Rajshahi General Stacks 15/12/1965 Zeitlinger 35.00   320.1 LAG 1963 16/10/2022 C-11 Books
  Dewey Decimal Classification     Non-fiction Central Library, University of Rajshahi Central Library, University of Rajshahi General Stacks 31/10/1967 Swets & Zeitlinger 35.00   320.1 LAG 1963 16/10/2022 C-12 Books
  Dewey Decimal Classification     Non-fiction Central Library, University of Rajshahi Central Library, University of Rajshahi General Stacks 19/02/1955 U.B.D. 15.10   320.1 LAG 1951 26/08/2025 C-13 Books